| 000 | 01252cam a22003015a 4500 | ||
|---|---|---|---|
| 001 | 14890260 | ||
| 005 | 20201128013548.0 | ||
| 008 | 070613s2007 nyu 000 0 eng | ||
| 010 | _a 2007930778 | ||
| 020 | _a9780387363189 (hard cover : alk. paper) | ||
| 020 | _a0387363181 (hard cover : alk. paper) | ||
| 040 |
_aDLC _cDLC _dDLC |
||
| 082 |
_222 _a620.1180 _bMUL |
||
| 245 | 0 | 0 |
_aMultiscale modeling and simulation of composite materials and structures / _c[edited by] Young W. Kwon, David H. Allen, Ramesh R. Talreja. |
| 260 |
_aNew York : _bSpringer, _c2007. |
||
| 263 | _a0710 | ||
| 300 |
_a630p.: _bill.; _c25 cm. |
||
| 650 |
_92298 _aComposite materials _xComputer simulation |
||
| 650 |
_92302 _aComposite materials _xMathematical models |
||
| 700 |
_92668 _aTalreja, R. |
||
| 700 |
_92667 _a Allen, David H. _d 1950- |
||
| 700 |
_92666 _a Kwon, Young W. _d 1950- |
||
| 856 | 4 | 2 |
_3Contributor biographical information _uhttp://www.loc.gov/catdir/enhancements/fy0824/2007930778-b.html |
| 856 | 4 | 2 |
_3Publisher description _uhttp://www.loc.gov/catdir/enhancements/fy0824/2007930778-d.html |
| 856 | 4 | 1 |
_3Table of contents only _uhttp://www.loc.gov/catdir/enhancements/fy0824/2007930778-t.html |
| 942 |
_2ddc _cBB |
||
| 999 |
_c11093 _d11093 |
||